000 02807nam a2200337 i 4500
001 17982102
003 EG-ScBUE
005 20230509093418.0
008 131226s2015 nyua f 001 0 eng d
020 _a9780415717540 (paperback)
020 _z9781315871288 (ebk)
040 _aDLC
_beng
_erda
_cDLC
_dDLC
_dEG-ScBUE
082 0 4 _a771
_222
_bSCO
100 1 _aScott, Grant,
_eauthor.
245 1 0 _aProfessional photography :
_bthe new global landscape explained /
_cGrant Scott.
264 1 _aNew York :
_bFocal Press, Taylor & Francis Group,
_c2015.
300 _axii, 195 pages :
_billustrations (mostly color) ;
_c24 cm
336 _atext
_2rdacontent
_btxt
337 _aunmediated
_2rdamedia
_bn
338 _avolume
_2rdacarrier
_bnc
500 _aIncludes index.
520 _a"Since the 2006 photographic digital revolution, the world of professional photography has been on a rollercoaster of evolution. Not only has new camera technology changed every aspect of the professional photographer's workflow, but it has also changed their business practices. Full of practical examples and detailed advice, this essential handbook uses a global approach to teach photographers how to thrive in a fast-changing and competitive international market. A robust companion website includes podcast interviews with photographers from around the world, additional insider information, and much more to help photographers understand their place in both the commercial and creative worlds"--
_cProvided by publisher.
520 _a"Professional Photography: The New Global Landscape Explained By Grant Scott Since the 2006 photographic digital revolution, the world of professional photography has been on a rollercoaster of evolution. Not only has new camera technology transformed every aspect of the professional photographer's workflow, but it has also changed business practices across the industry. This essential handbook uses a global approach to teach photographers how to thrive in a fast-changing and competitive international marketplace. Highlights include practical examples and detailed advice about: - Being well-versed in creating both still and moving images. - Designing and maintaining a well-structured website. - The importance of engaging with social media. - Exploring personal projects to find new clients. - Managing print sales and exhibiting. - Understanding budgeting and copyright in a digital world"--
_cProvided by publisher.
650 7 _aPhotography
_xDigital techniques.
_2BUEsh
650 7 _aPhotography
_xVocational guidance.
_2BUEsh
653 _bART
_cMay2023
655 _vReading book
906 _a7
_bcbc
_corignew
_d1
_eecip
_f20
_gy-gencatlg
942 _2ddc
_cBB
999 _c30306
_d30277